Central Library OPAC University of Rajshahi

বাঙালীর মুক্তিসংগ্রাম ও আহমদ ফজলুর রহমান / (Record no. 54411)

MARC details
000 -LEADER
fixed length control field 00967nam a2200241 a 4500
001 - CONTROL NUMBER
control field 54411
003 - CONTROL NUMBER IDENTIFIER
rucl marc code BD-RjUL
005 - DATE AND TIME OF LATEST TRANSACTION
control field 20211209080121.0
008 - FIXED-LENGTH DATA ELEMENTS--GENERAL INFORMATION
fixed length control field 161106s1993 bg ||||| |||| 00| 0 ben d
020 ## - INTERNATIONAL STANDARD BOOK NUMBER
International Standard Book Number 9844011302
Terms of availability : TK 100.00
035 ## - SYSTEM CONTROL NUMBER
System control number (BD-RjUL)54533
040 ## - CATALOGING SOURCE
Original cataloging agency BD-RjUL
Language of cataloging ben
Transcribing agency BD-RjUL
041 ## - LANGUAGE CODE
Language code of text/sound track or separate title ben
082 ## - DEWEY DECIMAL CLASSIFICATION NUMBER
Edition number 23
Classification number 923.2095492
Author mark and year RAB 1993
100 ## - MAIN ENTRY--PERSONAL NAME
Personal name রহমান, হাছিনা
9 (RLIN) 162369
245 10 - TITLE STATEMENT
Title বাঙালীর মুক্তিসংগ্রাম ও আহমদ ফজলুর রহমান /
Statement of responsibility, etc. হাছিনা রহমান
260 ## - PUBLICATION, DISTRIBUTION, ETC. (IMPRINT)
Place of publication, distribution, etc. ঢাকা :
Name of publisher, distributor, etc. আগামী প্রকাশনী,
Date of publication, distribution, etc. ১৯৯৩
300 ## - PHYSICAL DESCRIPTION
Pagination ১৫৭ পৃ. ;
Size ২১ সেমি.
650 ## - SUBJECT ADDED ENTRY--TOPICAL TERM
Topical term or geographic name as entry element রাজনীতিবিদ
Geographic subdivision বাংলাদেশ
9 (RLIN) 162370
Topical term or geographic name as entry element Politician
Geographic subdivision Bangladesh
9 (RLIN) 162371
700 ## - ADDED ENTRY--PERSONAL NAME
Personal name হালিম, আবদুল, সম্পাদক
942 ## - ADDED ENTRY ELEMENTS (KOHA)
Source of classification or shelving scheme Dewey Decimal Classification
Koha item type Books
Holdings
Lost status Source of classification or shelving scheme Damaged status Not for loan Collection code Permanent Location Current Location Shelving location Date acquired Source of acquisition Cost, normal purchase price Total Checkouts Full call number Date last seen Date checked out Copy number Koha item type
  Dewey Decimal Classification     Non-fiction Central Library, University of Rajshahi Central Library, University of Rajshahi   09/01/1999 Agami prokashoni 100.00 1 B 923.2095492 RAB 1993 27/02/2022 09/02/2022 C-2 Books
  Dewey Decimal Classification   Not For Loan Non-fiction Central Library, University of Rajshahi Central Library, University of Rajshahi Reading Room 09/01/1999 Agami prokashoni 100.00   B 923.2095492 RAB 1993 30/03/2017   C-1 Books